[Event "Berlin Lichtenberger op 10th"]
[Site "Berlin"]
[Date "2011.08.16"]
[Round "4"]
[White "Rohde, Wolfgang"]
[Black "Rabiega, Robert"]
[Result "0-1"]
[WhiteElo "2176"]
[BlackElo "2507"]
[PlyCount "54"]
[EventDate "2011.08.13"]
[EventType "swiss"]
[EventRounds "9"]
[EventCountry "GER"]
[SourceTitle "CBM 143 Extra"]
[Source "ChessBase"]
[SourceDate "2011.08.29"]
[SourceVersion "1"]
[SourceVersionDate "2011.08.29"]
[SourceQuality "1"]

1. d4 d5 2. Nf3 Nf6 3. c4 e6 4. Nc3 dxc4 5. e4 Bb4 6. Bg5 c5 7. Bxc4 cxd4 8. Nxd4 Bxc3+ 9. bxc3 Qa5 10. Bxf6 Qxc3+ 11. Qd2 Qxd2+ 12. Kxd2 gxf6 13. Nb5 Kd7 14. Ke3 a6 15. Rhd1+ Ke7 16. Nd4 Bd7 17. Bb3 Nc6 18. Nxc6+ Bxc6 19. Rac1 Rad8 20. f4 h5 21. Rc5 h4 22. Rxd8 Rxd8 23. Rh5 Rg8 24. Rxh4 Rxg2 25. Rh8 a5 26. Ra8 a4 27. Bc4 Rxh2 0-1

[Event "Berlin Lichtenberger op 10th"]
[Site "Berlin"]
[Date "2011.08.14"]
[Round "3"]
[White "Kuehnemund, Lutz"]
[Black "Rohde, Wolfgang"]
[Result "0-1"]
[WhiteElo "2081"]
[BlackElo "2176"]
[PlyCount "68"]
[EventDate "2011.08.13"]
[EventType "swiss"]
[EventRounds "9"]
[EventCountry "GER"]
[SourceTitle "CBM 143 Extra"]
[Source "ChessBase"]
[SourceDate "2011.08.29"]
[SourceVersion "1"]
[SourceVersionDate "2011.08.29"]
[SourceQuality "1"]

1. b4 d5 2. Bb2 Nf6 3. e3 Bg4 4. Nf3 e6 5. b5 c6 6. c4 Bd6 7. h3 Bxf3 8. Qxf3 Nbd7 9. Bxf6 Nxf6 10. Nc3 Be5 11. Rc1 0-0 12. cxd5 cxd5 13. Bd3 Rc8 14. 0-0 Qa5 15. g4 Bxc3 16. dxc3 Rxc3 17. g5 Nd7 18. Rxc3 Qxc3 19. Bb1 Qe5 20. h4 Rc8 21. Kg2 Nf8 22. Bd3 Ng6 23. Kh3 Qc3 24. Bxg6 hxg6 25. h5 gxh5 26. Qxh5 Qd3 27. Kg2 Qe4+ 28. Kg3 Qe5+ 29. Kg4 g6 30. Qh6 Rc4+ 31. f4 Qxe3 32. Rf3 Qg1+ 33. Rg3 Qd1+ 34. Rf3 Rc3 0-1

[Event "Berlin Lichtenberger op 9th"]
[Site "Berlin"]
[Date "2010.08.09"]
[Round "3"]
[White "Kalinitschew, Sergey"]
[Black "Rohde, Wolfgang"]
[Result "0-1"]
[WhiteElo "2462"]
[BlackElo "2166"]
[PlyCount "128"]
[EventDate "2010.08.07"]
[EventType "swiss"]
[EventRounds "9"]
[EventCountry "GER"]
[SourceTitle "CBM 137 Extra"]
[Source "ChessBase"]
[SourceDate "2010.09.01"]
[SourceVersion "1"]
[SourceVersionDate "2010.09.01"]
[SourceQuality "1"]

1. d4 Nf6 2. Nf3 g6 3. c4 Bg7 4. Nc3 d6 5. g3 0-0 6. Bg2 Nc6 7. 0-0 a6 8. Re1 Bg4 9. h3 Bxf3 10. Bxf3 Nd7 11. e3 e5 12. d5 Ne7 13. Be2 Bh6 14. Kg2 f5 15. f4 g5 16. Kh2 gxf4 17. exf4 exf4 18. Bxf4 Bxf4 19. gxf4 Ng6 20. Rg1 Qh4 21. Qd4 Rae8 22. Raf1 Nf6 23. Qf2 Qxf2+ 24. Rxf2 Re3 25. Nd1 Re7 26. Bd3 Ne4 27. Re2 Kf7 28. Rf1 Rfe8 29. b4 Kf6 30. Rc2 a5 31. a3 b6 32. c5 dxc5 33. bxa5 Nd6 34. Nb2 Re3 35. a4 Ne7 36. Bc4 bxa5 37. Rd1 Nec8 38. Bf1 Rf3 39. Nd3 c4 40. Ne5 Rxf4 41. Nxc4 Nxc4 42. Bxc4 Nd6 43. Bb5 Re7 44. Rdd2 Rb4 45. Bc6 Rb3 46. Re2 Ree3 47. Rxe3 Rxe3 48. Bd7 f4 49. Bg4 Re4 50. Rxc7 Rxa4 51. Rxh7 Ra2+ 52. Kg1 Rd2 53. Bf3 Nf5 54. Ra7 Nh4 55. Ra6+ Kg5 56. Bh1 f3 57. Rxa5 Kf4 58. Ra8 Rd1+ 59. Kf2 Rxh1 60. Ra4+ Kg5 61. Rg4+ Kh5 62. Rd4 Rh2+ 63. Kg1 Rg2+ 64. Kf1 Nf5 0-1

[Event "Oberliga Nord O 0910"]
[Site "Germany"]
[Date "2010.02.28"]
[Round "7.6"]
[White "Rohde, Wolfgang"]
[Black "Jauk, Wilhelm"]
[Result "1-0"]
[WhiteElo "2167"]
[BlackElo "2137"]
[PlyCount "131"]
[EventDate "2009.10.18"]
[EventType "team-tourn"]
[EventRounds "9"]
[EventCountry "GER"]
[SourceTitle "EXT 2011"]
[Source "ChessBase"]
[SourceDate "2010.11.26"]
[SourceVersion "1"]
[SourceVersionDate "2010.11.26"]
[SourceQuality "1"]
[WhiteTeam "Lichtenberg"]
[BlackTeam "Oberschoeneweide"]
[WhiteTeamCountry "GER"]
[BlackTeamCountry "GER"]

1. Nf3 d5 2. d4 c6 3. c4 Nf6 4. Nc3 dxc4 5. a4 Bf5 6. Ne5 e6 7. Nxc4 Be7 8. Bg5 Nbd7 9. e3 0-0 10. Be2 Nd5 11. Bxe7 Qxe7 12. 0-0 Rfd8 13. a5 Nxc3 14. bxc3 Rac8 15. Qb3 Rc7 16. Rfd1 h6 17. Rd2 Bg6 18. Qd1 b5 19. axb6 axb6 20. Bf3 b5 21. Na5 Rdc8 22. Qb3 Nf6 23. Qb4 Nd5 24. Qb2 Nf6 25. Nb3 Ra7 26. Nc5 Rca8 27. Rxa7 Qxa7 28. h4 Nd5 29. h5 Qa1+ 30. Kh2 Bh7 31. Bxd5 exd5 32. Qxa1 Rxa1 33. Nd7 Ra6 34. g4 f6 35. Kg3 Kf7 36. Kf4 Ke7 37. Nc5 Ra3 38. f3 Kd6 39. Rb2 Rxc3 40. Ra2 Rxc5 41. dxc5+ Kxc5 42. Ra7 Kc4 43. Rxg7 Bc2 44. Rg6 b4 45. Rxf6 Ba4 46. g5 hxg5+ 47. Kxg5 b3 48. Rf4+ Kc5 49. Rh4 b2 50. Rh1 Bc2 51. f4 Kd6 52. Kf6 Be4 53. Rg1 c5 54. f5 c4 55. h6 c3 56. h7 c2 57. h8Q b1Q 58. Qd8+ Kc5 59. Qe7+ Kb5 60. Rg8 Qa1+ 61. Kf7 Qa6 62. Rb8+ Ka4 63. Qc5 Qa5 64. Qd4+ Ka3 65. Qb2+ Ka4 66. Qa2# 1-0

[Event "Oberliga Nord O 0910"]
[Site "Germany"]
[Date "2010.02.07"]
[Round "6.5"]
[White "Rohde, Wolfgang"]
[Black "Leisner, Hannes"]
[Result "0-1"]
[WhiteElo "2167"]
[BlackElo "2033"]
[PlyCount "52"]
[EventDate "2009.10.18"]
[EventType "team-tourn"]
[EventRounds "9"]
[EventCountry "GER"]
[SourceTitle "EXT 2011"]
[Source "ChessBase"]
[SourceDate "2010.11.26"]
[SourceVersion "1"]
[SourceVersionDate "2010.11.26"]
[SourceQuality "1"]
[WhiteTeam "Lichtenberg"]
[BlackTeam "Greifswald"]
[WhiteTeamCountry "GER"]
[BlackTeamCountry "GER"]

1. d4 Nf6 2. c4 g6 3. Nc3 d5 4. Bf4 Bg7 5. Rc1 Nh5 6. Bg5 h6 7. Bh4 dxc4 8. e3 Be6 9. Be2 Nf6 10. Nh3 Bxh3 11. gxh3 0-0 12. Bxc4 Nc6 13. Rg1 Kh8 14. Qf3 Na5 15. Bd3 c5 16. Ne4 cxd4 17. Nxf6 exf6 18. Rc5 dxe3 19. Rd5 exf2+ 20. Kxf2 Qb6+ 21. Kf1 Rac8 22. Bf2 Rc1+ 23. Kg2 Rxg1+ 24. Kxg1 Qc6 25. Kg2 b6 26. Be4 Qe6 0-1